000 02457cam a22002174a 4500
005 20250605164227.0
008 250528s ||||||||||||||||||||||||d
035 _a20889
020 _a9789603946410
040 _aGR-AtMCL
_bgre
_dGR-AtMCL
_eAACR2
245 1 _aABC από Ενός μέχρι επτά χρονών / Τέταρτη Έκδοση
250 _a
260 _bΕκδόσεις Παρισιάνου,
_c2000
300 _a160
520 _aΟ τυπικός οδηγός ασθενειών, αναπτυξιακών δυσκολιών και ψυχολογικών προβλημάτων παιδικής ηλικίας. Στα κεφάλαια του βιβλίου περιέχονται πληροφορίες για Λοιμώξεις του Αναπνευστικου, Βρογχικό Άσθμα, Πόνος στην Κοιλιακή Χώρα, Διάρροια, Αναπτυξιακά Προβλήματα. Εισαγωγή, Πρόλογος, Μιλώντας στα Παιδιά, Τα Τρομερά Δίχρονα, Διαταραχές του ΎΥπνου, Λοιμώξεις του Αναπνευστικού, Αμυγδαλίτιδα και Μέση Ωτίτιδα, Συριγμός, Βρογχικό Άσθμα, Οξύ Κοιλιακό Άλγος, Υποτροπιάζον Κοιλιακό Άλγος, Έμετος και Οξεία Διάρροια, Χρόνια Διάρροια, Ουρολοίμωξη, Ενούρηση, Συστολικά Φυσήματα, Στασιμότητα Σωματικής Ανάπτυξης, Συνήθη Εξανθήματα, Λοιμώδη Νοσήματα, Κοκκύτης, Παιδιατρική Δερματολογία, Πυρετικοί Σπασμοί, Επιληψία, Υποτροπιάζουσα Κεφαλαλγία, Δηλητηριάσεις, Ατυχήματα, Το Βαρέως Πάσχον Παιδί, Η Ανάπτυξη στους 18 Μήνες, Η Ανάπτυξη στα 2 έτη, Παιδιά με Ειδικές Ανάγκες, Αποτυχία στο Σχολείο, Ελάσσονα Ορθοπεδικά Προβλήματα, Χωλότητα, Υπηρεσίες για Παιδιά: Πρωτοβάθμια Φροντίδα, Παιδική Κακοποίηση, Χρήσιμες Πληροφορίες, Ευρετήριο.
700 1 _aValman H.B
_96874
700 1 _aΧρούσος Γεώργιος
_96873
942 _cBK
999 _c5969
_d5969